Wireless networking complete / (Record no. 13405)
[ view plain ]
| 000 -LEADER | |
|---|---|
| fixed length control field | 01147cam a22002898a 4500 |
| 001 - CONTROL NUMBER | |
| control field | 15724367 |
| 005 - DATE AND TIME OF LATEST TRANSACTION | |
| control field | 20091112141947.0 |
| 008 - FIXED-LENGTH DATA ELEMENTS--GENERAL INFORMATION | |
| fixed length control field | 090504s2009 mau b 001 0 eng |
| 010 ## - LIBRARY OF CONGRESS CONTROL NUMBER | |
| LC control number | 2009018714 |
| 020 ## - INTERNATIONAL STANDARD BOOK NUMBER | |
| International Standard Book Number | 9780123750778 (hardcover) |
| 040 ## - CATALOGING SOURCE | |
| Original cataloging agency | DLC |
| Transcribing agency | DLC |
| 050 00 - LIBRARY OF CONGRESS CALL NUMBER | |
| Classification number | TK5103.2 |
| Item number | .W5735188 2009 |
| 082 00 - DEWEY DECIMAL CLASSIFICATION NUMBER | |
| Classification number | 621.384 |
| Edition number | 22 |
| Item number | ZHE |
| 245 00 - TITLE STATEMENT | |
| Title | Wireless networking complete / |
| Statement of responsibility, etc | Pei Zheng ... [et al.]. |
| 250 ## - EDITION STATEMENT | |
| Edition statement | 1st ed. |
| 260 ## - PUBLICATION, DISTRIBUTION, ETC. (IMPRINT) | |
| Place of publication, distribution, etc | Burlington, MA : |
| Name of publisher, distributor, etc | Morgan Kaufmann Publishers, |
| Date of publication, distribution, etc | c.2010. |
| 263 ## - PROJECTED PUBLICATION DATE | |
| Projected publication date | 0908 |
| 300 ## - PHYSICAL DESCRIPTION | |
| Extent | 445p: |
| Other physical details | ill; |
| Dimensions | 20cm. |
| 500 ## - GENERAL NOTE | |
| General note | Includes Index. |
| 504 ## - BIBLIOGRAPHY, ETC. NOTE | |
| Bibliography, etc | Includes bibliographical references and index. |
| 650 #0 - SUBJECT ADDED ENTRY--TOPICAL TERM | |
| Topical term or geographic name as entry element | Wireless communication systems. |
| 9 (RLIN) | 11433 |
| 650 #0 - SUBJECT ADDED ENTRY--TOPICAL TERM | |
| Topical term or geographic name as entry element | Computer networks. |
| 9 (RLIN) | 11434 |
| 700 1# - ADDED ENTRY--PERSONAL NAME | |
| Personal name | Zheng, Pei, |
| Dates associated with a name | 1972- |
| 9 (RLIN) | 11435 |
| 942 ## - ADDED ENTRY ELEMENTS (KOHA) | |
| Source of classification or shelving scheme | Dewey Decimal Classification |
| Item type | Book - Borrowing |
| Withdrawn status | Item status | Source of classification or shelving scheme | Damaged status | Not for loan | Vendor | Home library | Current library | Shelving location | Date acquired | Source of acquisition | Cost, normal purchase price | Serial Enumeration / chronology | Total Checkouts | Total Renewals | Full call number | Barcode | Checked out | Date last seen | Date last borrowed | Koha item type |
|---|---|---|---|---|---|---|---|---|---|---|---|---|---|---|---|---|---|---|---|---|
| Dewey Decimal Classification | Alahram | Central Library | Central Library | First floor | 16/02/2010 | 509.00 | 33 | 6 | 132 | 621.384 ZHE | 000019696 | 31/03/2022 | 20/10/2019 | 20/10/2019 | Book - Borrowing |